[Event "Ricany op"]
[Site "Ricany"]
[Date "2023.08.31"]
[Round "7"]
[White "Topencik, Bruno"]
[Black "Verner, Matej"]
[Result "1-0"]
[WhiteElo "1897"]
[BlackElo "1698"]
[PlyCount "74"]
[EventDate "2023.08.26"]
[EventType "swiss"]
[EventRounds "9"]
[EventCountry "CZE"]
[SourceTitle "EXT 2024"]
[Source "ChessBase"]
[SourceDate "2023.10.10"]
[SourceVersion "1"]
[SourceVersionDate "2023.10.10"]
[SourceQuality "1"]

1. e4 e5 2. Nf3 Nc6 3. Bb5 a6 4. Bxc6 dxc6 5. 0-0 Bg4 6. h3 h5 7. d3 Qf6 8. Nbd2 0-0-0 9. hxg4 hxg4 10. Nh2 Kb8 11. Qxg4 Nh6 12. Qf3 Qg6 13. Nb3 f5 14. Bxh6 Rxh6 15. Qxf5 Qe8 16. Ng4 Rh5 17. Qf3 Be7 18. g3 Qg6 19. Kg2 Rf8 20. Qe2 Rfh8 21. Rh1 Qh7 22. Qd1 Rh3 23. f3 Bg5 24. Qg1 Rh5 25. Rxh5 Qxh5 26. Kf2 b6 27. Ke2 c5 28. Nd2 Qe8 29. a4 Qe7 30. Nc4 Bf6 31. Qg2 b5 32. axb5 axb5 33. Nce3 Re8 34. Nd5 Qe6 35. Nde3 Bg5 36. Nf5 Qd7 37. Qf2 Qc6 1-0